| 000 | 02266cam a22004214a 4500 | ||
|---|---|---|---|
| 999 |
_c9098 _d9098 |
||
| 001 | 60650870 | ||
| 003 | OCoLC | ||
| 005 | 20241126110705.0 | ||
| 008 | 050527s2005 enk bd 001 0 eng | ||
| 010 | _a2005015484 | ||
| 020 | _a0801026946 (U.S. edition) | ||
| 020 | _a9780801026942 (U.S. edition) | ||
| 020 | _a028105780X (U.K. edition) | ||
| 020 | _a9780281057801 (U.K. edition) | ||
| 035 |
_a(OCoLC)60650870 _z(OCoLC)789479936 |
||
| 040 |
_aDLC _beng _cDLC _dBAKER _dC#P _dUKM _dLMR _dIG# _dNLGGC _dYDXCP _dOCLCQ _dBTCTA _dLVB _dOCLCG _dSEO _dOCLCQ _dTUU _dHNW _dOCLCO _dOCLCQ _dOCLCF _dP4I |
||
| 042 | _apcc | ||
| 050 | 0 | 0 |
_aBS440 _b.D495 2005 |
| 082 |
_a220.3 _bDIC |
||
| 090 |
_aBS440 _b.D495 2005 |
||
| 245 | 0 | 0 |
_aDictionary for theological interpretation of the Bible / _cKevin J. Vanhoozer, general editor ; Craig G. Bartholomew, Daniel J. Treier, and N.T. Wright, associate editors |
| 260 |
_aLondon : _bSPCK ; _aGrand Rapids, Mich. : _bBaker Academic, _c℗♭2005 |
||
| 300 |
_a896 pages ; _c26 cm |
||
| 336 |
_atext _btxt _2rdacontent |
||
| 337 |
_aunmediated _bn _2rdamedia |
||
| 338 |
_avolume _bnc _2rdacarrier |
||
| 504 | _aIncludes bibliographical references and indexes | ||
| 505 | 0 | _aList of Contributors -- List of Abbreviations -- Introduction -- Dictionary Articles -- List of Articles by Category -- Topical Index -- Scripture Index | |
| 520 | _aThe Dictionary for Theological Interpretation of the Bible is a reference tool that introduces readers to key names, theories, and concepts in the field of biblical interpretation. It discusses these approaches and evaluates their helpfulness in enabling Christians to hear what God is saying to the church through Scripture. The contributors come from a variety of backgrounds, and the dictionary covers a broad range of topics. --From publisher's description | ||
| 630 | 0 | 0 |
_aBible _xTheology _vDictionaries _94530 |
| 630 | 0 | 0 |
_aBible _xCriticism, interpretation, etc. _vDictionaries _915864 |
| 700 | 1 |
_aVanhoozer, Kevin J _913992 |
|
| 700 | 1 |
_aBartholomew, Craig G., _d1961- _91261 |
|
| 700 | 1 |
_aTreier, Daniel J., _d1972- _91789 |
|
| 700 | 1 |
_aWright, N. T. _q(Nicholas Thomas) _92760 |
|
| 856 | 4 | 1 |
_3Table of contents _uhttp://catdir.loc.gov/catdir/toc/ecip0514/2005015484.html |
| 942 |
_2ddc _cREF |
||